000 00534nam a2200133Ia 4500
008 171212s9999 xx 000 0 und d
020 _a9780801449666
100 _aHyde, Susan D.
245 _cHyde, Susan D.
_aThe Pseudo-Democrat's Dilemma
_bWhy Election Monitoring Became an International Norm
260 _bCornell University Press
_c2011
650 _aElection monitoring; Elections -- Corrupt practices; Democratization; International relations
650 _aPolitical Science
856 _uwww.jstor.org/stable/10.7591/j.ctt7z647
999 _c351461
_d351461